000 00444nam a22001817a 4500
003 CEME
005 20210628210657.0
008 210211b xxu||||| |||| 00| 0 eng d
020 _a81-203-1311-9
040 _c.
082 _a004.16 BOY
100 _aBoyce, Jim
_980477
245 _aUpgrading pcs illustrated
260 _aNEW DELHI
_bPRENTICE HALL
_c2000
300 _aXXVII,710P
650 _aUPGRADE YOUR PC
_980478
942 _cBK
_2ddc
999 _c585403
_d585403